| LEADER |
00704nam0a2200205 450 |
| 001 |
16839556 |
| 010 |
|
|
|a 978-2205-08899-1
|b rel.
|d 13
|
| 100 |
|
|
|a 20220406d2022 u u0frey01 ba
|
| 101 |
0 |
|
|a fre
|
| 102 |
|
|
|a FR
|
| 200 |
0 |
|
|a Vikings dans la brume
|f scénario, Wilfrid Lupano
|g dessin et couleur, Ohazar
|
| 207 |
|
1 |
|a
|
| 210 |
|
|
|a Paris
|c Dargaud éditeur
|d 2022
|
| 215 |
|
|
|a 1 vol. (63 p.)
|c ill. en coul.
|d 30 cm
|
| 461 |
|
0 |
|t Vikings dans la brume
|v 1
|
| 700 |
|
0 |
|a Lupano
|b Wilfrid
|f 1971-....
|4 70
|
| 702 |
|
0 |
|a Ohazar
|f 1970-....
|4 440
|
| 900 |
|
|
|a Bandes déssinées ADULTE
|
| 901 |
|
|
|a Accessible au prêt
|
| 995 |
|
|
|a Bibliothèque
|c Bibliothèque
|f 024022433
|h 024022433
|k BDA LUP
|o p
|q a
|r az
|e Bibliothèque
|